Animated Movies by Picture - O - Statistics

General Stats
  • This quiz has been taken 325 times
  • The average score is 5 of 12
Answer Stats
Picture Answer % Correct
One Hundred and One Dalmatians
97%
Onward
67%
Over the Hedge
67%
One Piece Film Red
58%
Open Season
55%
Oliver & Company
44%
Oggy and the Cockroaches: The Movie
22%
Over the Moon
15%
Orion and the Dark
13%
Only Yesterday
9%
Ozzy
9%
Ocean Waves
8%
No matching quizzes found
Score Distribution
Percent of People with Each Score
Percentile by Number Answered
Your Score History
You have not taken this quiz